चन्दामामा (Record no. 23284)

MARC details
000 -LEADER
fixed length control field 01394nam a22003257a 4500
001 - CONTROL NUMBER
control field 15335546
005 - DATE AND TIME OF LATEST TRANSACTION
control field 20080722073839.0
008 - FIXED-LENGTH DATA ELEMENTS--GENERAL INFORMATION
fixed length control field 080426c2008 ii a | 00| 1 eng
010 ## - LIBRARY OF CONGRESS CONTROL NUMBER
LC control number 2008306605
037 ## - SOURCE OF ACQUISITION
Source of stock number/acquisition Library of Congress -- New Delhi Overseas Office
Terms of availability Rs449.00
040 ## - CATALOGING SOURCE
Original cataloging agency DLC
Transcribing agency DLC
041 ## - LANGUAGE CODE
Language code of text/sound track or separate title eng
Language code of original and/or intermediate translations of text mul
042 ## - AUTHENTICATION CODE
Authentication code lcode
043 ## - GEOGRAPHIC AREA CODE
Geographic area code a-ii---
082 ## - DEWEY DECIMAL CLASSIFICATION NUMBER
Classification number 050
245 ## - TITLE STATEMENT
Title चन्दामामा
Remainder of title हिंदी
260 ## - PUBLICATION, DISTRIBUTION, ETC. (IMPRINT)
Place of publication, distribution, etc Chennai :
Name of publisher, distributor, etc Chandamama India Ltd.,
Date of publication, distribution, etc 2003-
300 ## - PHYSICAL DESCRIPTION
Extent v. :
Other physical details chiefly col. ill. ;
Dimensions 24 cm.
310 ## - CURRENT PUBLICATION FREQUENCY
Current publication frequency monthly
500 ## - GENERAL NOTE
General note Short stories.
500 ## - GENERAL NOTE
General note "Collector's edition."
520 ## - SUMMARY, ETC.
Summary, etc Selections from several modern Indic language editions of the children's magazine Chandamama translated into English; stories based on Hindu mythology, legends, and folk tales; includes briefly history of the magazine in pictures.
700 ## - ADDED ENTRY--PERSONAL NAME
Personal name Viswanatha Reddi, B.
710 ## - ADDED ENTRY--CORPORATE NAME
Corporate name or jurisdiction name as entry element Chandamama India Ltd. (Madras, India)
270 ## - ADDRESS
Address New 2/513, Sandeep Avenu East, 2nd Main Road, Chinna Neelankarai
City Chennai
Postal code 600001
Telephone number 44-32402323
Electronic mail address chandamama@chandamama.com
906 ## - LOCAL DATA ELEMENT F, LDF (RLIN)
a 7
b ibc
c origode
d 3
e ncip
f 20
g y-gencatlg
942 ## - ADDED ENTRY ELEMENTS (KOHA)
Source of classification or shelving scheme Dewey Decimal Classification
Item type Periodicals
Classification part 050
Call number suffix JUN
Serial record 1
Holdings
Withdrawn status Lost status Source of classification or shelving scheme Damaged status Not for loan Collection code Home library Current library Date acquired Total Checkouts Full call number Date last seen Price effective from Koha item type
    Dewey Decimal Classification   Not For Loan Non-fiction D.B.Act.Division D.B.Act.Division 09/02/2009   050 चन्दा 09/02/2009 09/02/2009 Periodicals

© Delhi Public Library
Hit Counter
free hit counter